Mechanics of Engineering Materials (Record no. 591418)

000 -LEADER
fixed length control field 00455nam a22001577a 4500
020 ## - INTERNATIONAL STANDARD BOOK NUMBER
International Standard Book Number 9780582251648
040 ## - CATALOGING SOURCE
Transcribing agency NUST
082 ## - DEWEY DECIMAL CLASSIFICATION NUMBER
Classification number 620.112 BEN
100 ## - MAIN ENTRY--PERSONAL NAME
Personal name Benham, P. P.
9 (RLIN) 40905
110 ## - MAIN ENTRY--CORPORATE NAME
Corporate name or jurisdiction name as entry element Crawford, R. J Armstrong, C. G
9 (RLIN) 98936
245 ## - TITLE STATEMENT
Title Mechanics of Engineering Materials
250 ## - EDITION STATEMENT
Edition statement 2nd Edition
260 ## - PUBLICATION, DISTRIBUTION, ETC.
Place of publication, distribution, etc. Harlow:
Name of publisher, distributor, etc. Pearson Education,
Date of publication, distribution, etc. 1996.
650 ## - SUBJECT ADDED ENTRY--TOPICAL TERM
Topical term or geographic name entry element Mechanics of Engineering Materials.NUSTTB2022
9 (RLIN) 102882
942 ## - ADDED ENTRY ELEMENTS (KOHA)
Source of classification or shelving scheme
Koha item type Book
Holdings
Withdrawn status Lost status Source of classification or shelving scheme Damaged status Not for loan Permanent Location Current Location Shelving location Date acquired Full call number Barcode Date last seen Price effective from Koha item type
          College of Electrical & Mechanical Engineering (CEME) College of Electrical & Mechanical Engineering (CEME) General Stacks 09/14/2022 280 SCB CEME-50845-A 09/14/2022 09/14/2022 Book
          College of Electrical & Mechanical Engineering (CEME) College of Electrical & Mechanical Engineering (CEME) General Stacks 11/17/2022 620.112 BEN CEME-50845 11/17/2022 11/17/2022 Book
© 2023 Central Library, National University of Sciences and Technology. All Rights Reserved.